Manual de estilos de decoración (Registro nro. 2626)
[ vista simple ]
| 000 -Cabecera | |
|---|---|
| Campo de control de longitud fija | 00586aam a2200241 4500 |
| 005 - Fecha y hora de la última transacción | |
| Campo de control | 20240604112514.0 |
| 008 - Elementos de longitud fija--Información general | |
| Campo de control de longitud fija | 150604b xxu||||| |||| 00| 0 spa d |
| 020 ## - International Standard Book Number | |
| Número Internacional Estándar del Libro (ISBN) | 9789962040200 |
| 041 ## - Idioma | |
| Código de idioma | Español |
| 082 ## - Clasificación Decimal Dewey | |
| Número de clasificación | 747 S237m |
| 100 ## - Entrada principal--Autor personal | |
| Nombre personal | Santos Quartino, Daniela |
| 245 ## - Título propiamente dicho | |
| Título | Manual de estilos de decoración |
| 260 ## - Pie de imprenta | |
| Lugar de publicación, distribución, etc. | España |
| 260 ## - Pie de imprenta | |
| Nombre del editor, distribuidor, etc. | Lexus |
| 260 ## - Pie de imprenta | |
| Fecha de publicación, distribución, etc. | 2011 |
| 300 ## - Descripción física | |
| Extensión | 199 páginas |
| 650 ## - Materia general | |
| Temática (materia general) | DECORACIÓN |
| 650 ## - Materia general | |
| Temática (materia general) | DECORACIÓN PARA EL HOGAR |
| 650 ## - Materia general | |
| Temática (materia general) | DECORACIÓN DE INTERIORES |
| 650 ## - Materia general | |
| Temática (materia general) | TIPOS DE CASAS |
| 942 ## - Punto de acceso adicional KOHA | |
| Tipo de ítem KOHA | Libro |
| Fuente del sistema de clasificación o colocación | Dewey Decimal Classification |
| Signatura completa | Código de barras | Programa Académico | Tipo de ítem |
|---|---|---|---|
| 747 S237m | 15690 | Dirección de Educación Comunitaria y Asistencia Técnica | Libro |